| 000 | 01035nam a2200241 a 4500 | ||
|---|---|---|---|
| 001 | 22658 | ||
| 003 | CO-ViMGA | ||
| 008 | 141112s2004 ck r 000 u spa d | ||
| 040 |
_aCO-ViMGA _bspa _cCO-ViMGA |
||
| 082 | 0 | 4 | _a364.133 C874e |
| 100 | 1 |
_aCusguen Olarte, Eduardo _932287 |
|
| 245 | 1 | 0 | _aEvasión y contrabando |
| 250 | _a3 | ||
| 260 |
_aBogotá : _bLeyer, _c2005 |
||
| 300 | _a511 | ||
| 505 | _aMarco de la evasion y el contrabando 9 - 34 - - Algunas normas sobre evasion y contrabando 35 - 42 - - La elusion y la evacion en el impuesto de renta 45 - 68 - - Aspectos juridicos relevantes de la evasion y de la elusion 71 - 90 - - Las deficiencias en el procedimiento tributario 91 - 106 | ||
| 590 | _aForma de adquisición : Compra - - Precio : 55000 - - Proveedor : Dismet - - Fecha de adquisición : 2005 | ||
| 650 | 1 | 4 |
_aCONTRABANDO - COLOMBIA _932288 |
| 650 | 1 | 4 |
_aEVACION DE IMPUESTOS - COLOMBIA _932289 |
| 650 | 1 | 4 |
_aIMPUESTOS - COLOMBIA _951390 |
| 650 | 1 | 4 |
_aPolítica FISCAL - COLOMBIA _954432 |
| 942 |
_2ddc _cBK |
||
| 999 |
_c30958 _d30958 |
||